000 00435nam a2200181Ia 4500
001 16415
005 20260306170308.0
008 260306t2008||||xx |||||||||||||| ||und||
041 _aESP
082 _a348.6
_bA69
100 _aArévalo Vela, Javier
_eAUT
245 0 _aIntroducción al derecho del trabajo
260 _c2008
300 _a414 páginas :
_c25 cm.
650 _aGEN
654 _aCDE
942 _cLIB
_dJUS
_fJUS
_2ddc
_n
999 _c16415
_d16415